000
00286nam a22001217a 4500
999
_c
534141
_d
534141
040
_c
MSOHAIL
082
_a
808.5
100
_a
Agha Shorish Kashmiri
_9
28287
245
_a
Funn e Khitabat / فن خطابت
260
_a
Lahore
_b
Al-Faisal
_c
c2005
300
_a
114;p
942
_2
ddc
_c
BK